The theory of probability : and the elements of statistics

Αποθηκεύτηκε σε:
Λεπτομέρειες βιβλιογραφικής εγγραφής
Κύριος συγγραφέας: Gnedenko, Boris Vladimirovich 1912-
Μορφή: Βιβλίο
Γλώσσα:English
Δημοσίευση: New York : Chelsea Publishing Company, c1989
Θέματα:
Ετικέτες: Προσθήκη ετικέτας
Δεν υπάρχουν, Καταχωρήστε ετικέτα πρώτοι!

MARC

LEADER 00000nam a2200000 i 4500
001 1/96176
008 991213s1989 eng d
020 |a 0-8284-1132-8 
035 |l 10055649 
040 |a GR-MY-UA  |b gre  |e aacr 
041 0 |a eng 
082 0 |a 519.2 
100 1 |a Gnedenko, Boris Vladimirovich  |d 1912- 
245 1 4 |a The theory of probability :  |b and the elements of statistics /  |c B.V. Gnedenko ; translated from the Russian by B. D. Seckler 
260 |a New York :   |b Chelsea Publishing Company,   |c c1989 
300 |a 529 p.  |b tabl. 
504 |a Includes bibliographical references and index 
650 0 0 |a Probabilities. 
650 0 0 |a Statistics. 
852 |a INST  |b LESVOS  |e 19991213  |h 519.2 GNE  |p 005100023900  |q 005100023900  |t BK  |y 0 
901 |a BIBL1-2000-1 
909 |a Λ  |b 071706 
922 |a 1ΕΛΗ  |b 199912  |c ΚΠΣ/ΜΥΡΙΤΖΗΣ  |d ΠΑΠΑΣΩΤΗΡΙΟΥ 
950 |a 182-1999-10-11 
970 |a ΜΟΥΣΤΑΚΑ  |b ΠΗΝΕΛΟΠΗ  |z 2000/03/03